000 01856nam1a22003131 4500
001 rc\3195652
005 20230810143804.0
035 _a(NLR Aleph) 007352952
090 _a6228162
_c6228162
100 _a20120628d1976 |||y0rusy50 ca
101 0 _arus
102 _aRU
105 _a z |||||
200 1 _aМашинные методы проектирования СВЧ-устройств
_eМатериалы всесоюз. семинара, Новосибирск, май 1973 г.
_e[В 2 ч.]
_fПод ред. А.С. Ильинского, В.В. Никольского
210 _aМосква
_cИзд-во Моск. ун-та
_d1976
215 _d20
300 _aВ надзаг.: Моск. гос. ун-т им. М.В. Ломоносова, Фак. вычислит. математики и кибернетики
532 1 2 _aМашинные методы проектирования сверхвысокочастотных устройств
606 _aЭлектронные приборы, сверхвысокочастотные
_xПроектирование
_xМатематические методы
_jСборники
_2psbo
702 1 _aНикольский
_bВ. В.
_4340
702 1 _aИльинский
_bА. С.
_gАнатолий Серафимович
_4340
712 0 2 _aМГУ им. М. В. Ломоносова
_bФакультет вычислительной математики и кибернетики
_3RU\NLR\AUTH\889936525
_4570
712 1 2 _aВсесоюзная конференция по машинному (автоматизированному) проектированию устройств СВЧ
_d1
_f1973
_eНовосибирск
_3RU\NLR\AUTH\880368191
801 0 _aRU
_bNLR
_gpsbo
801 1 _aRU
_bELAR
_2rusmarc
852 _aNLR
_j77-3/4973
942 _cBOOK
980 _aNB